000 00447nam a2200157Ia 4500
005 20250612020930.0
008 240331s9999 xx 000 0 und d
020 _a9559170767
082 _bSIL
_a305
100 _aSilva,K.T
245 0 _aKulaya,panthiya saha lankawe samaja gatum
260 _aBoralesgamuwa
_bC/S (Private) Visidunu Publishers
_c2005
300 _a197 p.,
500 _acaste , class and social conflict in Sri Lanka
942 _cL
999 _c5038
_d5038